| 000 | 004810000a22001930004500 | ||
|---|---|---|---|
| 003 | LK-CoMWRAF | ||
| 005 | 20231010115208.0 | ||
| 008 | 230817t1984 ||||| |||| 00| 0 eng d | ||
| 020 | _a9960792285 | ||
| 040 |
_aLK-CoMWRAF _dLK-CoMWRAF _eLK-CoMWRAF |
||
| 041 | _aeng | ||
| 082 |
_a297.5 _bNAK |
||
| 100 | _aNakata, Khaula | ||
| 245 |
_aA View through : _bThe Hijab |
||
| 260 |
_aJeddah : _bAbul Qasim publishing, _c1994 |
||
| 300 | _a18p | ||
| 650 | _aIslam-Hijab | ||
| 942 | _cBK | ||
| 999 |
_c3136 _d3136 |
||